000 00464nam a2200205Ia 4500
003 0100
008 130227s9999 xx 000 0 und d
040 _cARRUPELIB
050 _aK370.F7
100 _aFriedman, Lawrence M.
245 _aLaw and society
245 _ban introduction
260 _aPrentice-Hall
260 _bEnglewood Cliffs
260 _C1977
300 _a177p.
300 _b 23 cm
650 _bO'Connell, Daniel
942 _2lcc
_01
999 _c1642
_d1642